| 000 | 00317nam a22001097a 4500 | ||
|---|---|---|---|
| 008 | 160423b xxu||||| |||| 00| 0 eng d | ||
| 020 | _a0801664527 | ||
| 041 | _aeng | ||
| 080 | _a618.2 | ||
| 245 |
_aClinical reference for critical care nursing: _cMarguerite R. Kinney; Donna R. Packa; Sandra B.Dunbar; |
||
| 942 |
_2udc _cBK |
||
| 999 |
_c1542 _d1542 |
||